Handbook of libraries, archives and information centres in India. V 7. Science and technology information systems and centres (Record no. 40684)

MARC details
000 -LEADER
fixed length control field 00402nam a2200121Ia 4500
082 ## - DEWEY DECIMAL CLASSIFICATION NUMBER
Classification number 02(035)
Item number HAN.7
245 #0 - TITLE STATEMENT
Title Handbook of libraries, archives and information centres in India. V 7. Science and technology information systems and centres
260 ## - PUBLICATION, DISTRIBUTION, ETC. (IMPRINT)
Place of publication Delhi
Name of publisher Aditya Prakashan
Year of publication 1990
700 ## - ADDED ENTRY--PERSONAL NAME
Personal name Gupta, B M
700 ## - ADDED ENTRY--PERSONAL NAME
Personal name Mathan, S S
942 ## - ADDED ENTRY ELEMENTS (KOHA)
Koha item type Books
Holdings
Withdrawn status Lost status Damaged status Not for loan Home library Current library Date acquired Cost, normal purchase price Full call number Accession Number Koha item type
        RRII Library RRII Library 16/12/2021 325.00 02(035) HAN.7 20982 Books